000 00240nam a2200097Ia 4500
001 722777
005 20250826163318.0
008 250824s9999 xx 000 0 und d
245 0 _aASMA KATLI EV
_cANTON ÇEHOV
260 _bLACİVERT YAYINCILIK
999 _c722777
_d722777